书目信息 |
| 题名: |
最新大学英语(精读)学习手册
|
|
| 作者: | 王迈迈 主编 | |
| 分册: | 第三册 | |
| 出版信息: | 武汉 中国建材工业出版社 1998 |
|
| 页数: | 357页 | |
| 开本: | 20cm | |
| 丛书名: | ||
| 单 册: | ||
| 中图分类: | H31-62 | |
| 科图分类: | ||
| 主题词: | 英语 | |
| 电子资源: | ||
| ISBN: | 7-80090-751-1 | |
| 000 | 00595nam0 2200193 450 | |
| 001 | 0742438398 | |
| 005 | 20070608145555.01 | |
| 010 | @a7-80090-751-1@dCNY10.00 | |
| 100 | @a20070606d1998 km y0chiy0120 ea | |
| 101 | 0 | @achi |
| 102 | @aCN@b420000 | |
| 200 | 1 | @a最新大学英语(精读)学习手册@Azui xin da xue ying yu(jing du)xue xi shou ce@h第三册@f王迈迈主编@Fwang mai mai zhu bian |
| 210 | @a武汉@c中国建材工业出版社@d1998@h1999 | |
| 215 | @a357页@d20cm | |
| 606 | 0 | @a英语 |
| 690 | @aH31-62@v3 | |
| 701 | 0 | @a王迈迈@Awang mai mai@4主编 |
| 801 | 0 | @aCN@bPFT@c20070608 |
| 905 | @a10447@dH31-62@e1062:3 | |
| 最新大学英语(精读)学习手册.第三册/王迈迈主编.-武汉:中国建材工业出版社,1998(1999) |
| 357页;20cm |
| ISBN 7-80090-751-1:CNY10.00 |
| ● |
| 相关链接 |
|
|
|
|
正题名:最新大学英语(精读)学习手册
索取号:H31-62/1062:3
 
预约/预借
| 序号 | 登录号 | 条形码 | 馆藏地/架位号 | 状态 | 备注 |
| 1 | 0514963 | 205149631 | 第二样本阅览室/ [索取号:H31-62/1062:3] | 在馆 | |
| 2 | 0514964 | 205149640 | 密集书库/ [索取号:H31-62/1062:3] | 在馆 |